Building quantities explained. (Record no. 544704)
[ view plain ]
| 000 -LEADER | |
|---|---|
| fixed length control field | 00651mam a2200217 a 4500 |
| 020 ## - INTERNATIONAL STANDARD BOOK NUMBER | |
| International Standard Book Number | 0333693337 (series) |
| 020 ## - INTERNATIONAL STANDARD BOOK NUMBER | |
| International Standard Book Number | 0333719727 |
| 082 ## - DEWEY DECIMAL CLASSIFICATION NUMBER | |
| Classification number | 551.49 |
| Author Mark | SEE |
| -- | N-01, P-89. |
| 100 1# - MAIN ENTRY--PERSONAL NAME | |
| Personal name | Seeley, Ivor H. |
| 9 (RLIN) | 38018 |
| 245 10 - TITLE STATEMENT | |
| Title | Building quantities explained. |
| 250 ## - EDITION STATEMENT | |
| Edition statement | 5th ed. / |
| 260 ## - PUBLICATION, DISTRIBUTION, ETC. | |
| Place of publication, distribution, etc. | Basingstoke : |
| Name of publisher, distributor, etc. | Macmillan, |
| Date of publication, distribution, etc. | 1999. |
| 300 ## - PHYSICAL DESCRIPTION | |
| Extent | xviii, 406 p. : |
| Other physical details | ill. ; |
| Dimensions | 24 cm. |
| 490 1# - SERIES STATEMENT | |
| Series statement | Building and surveying series |
| 500 ## - GENERAL NOTE | |
| General note | Previous ed.: 1988. |
| 526 ## - STUDY PROGRAM INFORMATION NOTE | |
| Program name | 0 |
| Interest level | 0 |
| Reading level | 0 |
| Title point value | 551_490000000000000_SEE |
| 650 #0 - SUBJECT ADDED ENTRY--TOPICAL TERM | |
| Topical term or geographic name entry element | Building |
| General subdivision | Estimates |
| Geographic subdivision | Great Britain. |
| 9 (RLIN) | 40401 |
| 650 #0 - SUBJECT ADDED ENTRY--TOPICAL TERM | |
| Topical term or geographic name entry element | NUST |
| 9 (RLIN) | 6342 |
| 700 1# - ADDED ENTRY--PERSONAL NAME | |
| Personal name | Winfield, Roger, |
| 9 (RLIN) | 40402 |
| 942 ## - ADDED ENTRY ELEMENTS (KOHA) | |
| Source of classification or shelving scheme | |
| Koha item type | Book |
| Withdrawn status | Lost status | Source of classification or shelving scheme | Damaged status | Not for loan | Permanent Location | Current Location | Date acquired | Total Checkouts | Full call number | Barcode | Date last seen | Date last checked out | Price effective from | Koha item type |
|---|---|---|---|---|---|---|---|---|---|---|---|---|---|---|
| Military College of Engineering (MCE) | Military College of Engineering (MCE) | 05/09/2014 | 1 | 551.49 SEE | MCE-36429 | 05/12/2014 | 05/12/2014 | 05/09/2014 | Book |
